000 00932nam a2200205 a 4500
001 000033415
005 20210609200712.0
008 090703s1961 dr a 000 0 spa d
040 _aDO-SdBNP
_bspa
_cBNPHU
082 _a972.9356
_bB928s
100 1 _aBueno, Arturo,
_d1888-1979
_98268
245 1 0 _aSantiago :
_bquien te vió y quien te ve /
_cArturo Bueno.
260 _aSantiago de los Caballeros, República Dominicana :
_bImpresora Comercial,
_c1961.
300 _a1 v. (en varias páginaciones) ;
_c23 cm.
651 0 _aSantiago de los Caballeros (Republica Dominicana)
_98269
650 0 _aSantiago de los Caballeros (República Dominicana)
_xHistoria
_xAnecdotas, chistes, satiras, etc.
_98271
650 0 _aSantiago de los Caballeros (República Dominicana)
_xHistoria
_xAnecdotas, chistes, satiras, etc.
_98271
650 4 _aCiudades y pueblos
_zRepública Dominicana
_9784
910 _aValidado. Control de calidad BNPHU
999 _c32906
_d32906